| 000 | 01521pam a2200433 a 4500 | ||
|---|---|---|---|
| 001 | 1844032 | ||
| 003 | OSt | ||
| 005 | 20260616151959.0 | ||
| 008 | 820928s1984 nyub b 001 0 eng | ||
| 010 | _a 81043919 | ||
| 020 |
_a0385068085 : _c$18.00 |
||
| 020 | _a9780385068086 | ||
| 035 | _a1844032 | ||
| 040 |
_aDLC _cDLC _dDLC |
||
| 041 | 1 |
_aeng _aheb |
|
| 050 | 0 | 0 |
_aBS192.2.A1 1964 _b.G3 vol. 9 _aBS1323 |
| 082 | 0 | 0 |
_a220.7/7 s _a222/.44077 _219 |
| 130 | 0 |
_aBible. _pSamuel, 2nd. _lEnglish. _sMcCarter. _f1984. |
|
| 245 | 1 | 0 |
_aII Samuel : _ba new translation with introduction, notes, and commentary / _cby P. Kyle McCarter, Jr. |
| 250 | _a1st ed. | ||
| 260 |
_aGarden City, N.Y. : _bDoubleday, _c1984. |
||
| 300 |
_axvii, 553 p. : _bmaps ; _c24 cm. |
||
| 336 |
_atext _btxt _2rdacontent |
||
| 337 |
_aunmediated _bn _2rdamedia |
||
| 338 |
_avolume _bnc _2rdacarrier |
||
| 490 | 1 |
_aThe Anchor Bible ; _vv. 9 |
|
| 500 | _aIncludes indexes. | ||
| 504 | _aBibliography: p. [20]-52. | ||
| 583 |
_aCataloguing: _c20260616 _kgtanuigtanui |
||
| 630 | 0 | 0 |
_aBible. _pSamuel, 2nd _xCommentaries. |
| 700 | 1 |
_aMcCarter, P. Kyle _q(Peter Kyle), _d1945- |
|
| 740 | 0 | _a2nd Samuel. | |
| 740 | 0 | _aSecond Samuel. | |
| 830 | 0 |
_aBible. _lEnglish. _sAnchor Bible. _f1964 ; _vv. 9. |
|
| 856 | 4 | 2 |
_3Publisher description _uhttp://www.loc.gov/catdir/description/random0413/81043919.html |
| 906 |
_a7 _bcbc _corignew _d1 _eocip _f19 _gy-gencatlg |
||
| 942 |
_2lcc _cBK |
||
| 999 |
_c21686 _d21685 |
||